| 000 | 01828nam a2200241Ia 4500 | ||
|---|---|---|---|
| 003 | Ost | ||
| 005 | 20260507075623.0 | ||
| 008 | 260507s9999||||xx |||||||||||||| ||und|| | ||
| 020 | _a9773500845 | ||
| 040 | _cfsecg | ||
| 041 | _aara | ||
| 082 | _a1.42 | ||
| 100 |
_aزرواتي، رشيد _eمؤلف |
||
| 245 | 0 |
_aمنهجية البحث العلمي في العلوم الإجتماعية : _bأسس علمية وتدريبات / _c رشيد زرواتي |
|
| 260 |
_aالجزائر : _bدار الكتاب الحديث, _c2020 |
||
| 300 |
_a259 صفحة؛ _bإيضاحات ؛ _c24 سم |
||
| 504 | _aالمراجع ص.239 الملاحق ص.233 | ||
| 520 | _aتناول هذا الكتاب منهجية البحث العلمي في العلوم الإجتماعية، حيث يشمل الفصل الأولى من هذا الكتاب المراحل الأولى في البحث ويشمل كيفية اختيار الموضوع، وتحضير البحث، وتعليم قواعد تبويب البحث، قواعد توثيق البحث، خطة وفهرس البحث. أما في فصول المذكرة الرئيسية فتشمل فصول المذكرة أو الرسالة أو الأطروحة الجامعية، أما الملحق وتم فيه عرض كيفية تقديم المذكرة أو الرسالة أو الأطروحة أمام لجنة المناقشة، حيث يتطلب ذلك تحضيرا اجتماعيا ونفسيا وعلميا، كما عرضنا منهجية كتابة مشروع البحث، كما ذكرنا بالحروف الأبجدية وبعض الأرقام الرومانية نظرا لضرورة ذلك في البحث. | ||
| 653 | _aالعلوم الإجتماعية | ||
| 653 | _aطرق البحث | ||
| 653 | _aمناهج البحث العلمي | ||
| 942 | _cكتاب | ||
| 999 |
_c45151 _d45151 |
||